000 02012cam a2200337 a 4500
003 EG-GiCUC
005 20250223031048.0
008 140930s2013 ua h f m 000 0 eng d
040 _aEG-GiCUC
_beng
_cEG-GiCUC
041 0 _aeng
049 _aDeposite
097 _aM.Sc
099 _aCai01.13.03.M.Sc.2013.Ah.P
100 0 _aAhmed Nabil Abdelsalam
245 1 0 _aPredicting the fractional flow reserve and clinical significance of coronary lesions based on geometric and hemodynamic parameters /
_cAhmed Nabil Abdelsalam ; Supervised Mohamed Emad Mousa Rasmy , Amr Abdelrahman Sharawi
246 1 5 _aالتنبؤ بسريان الدم الجزئى و مدى الأهمية الإكلينيكية لإنسداد الشريان التاجى بناء على الإحداثيات الجيوميترية للشريان و ديناميكية سريان الدم
260 _aCairo :
_bAhmed Nabil Abdelsalam ,
_c2013
300 _a95 P. :
_bfacsimiles ;
_c30cm
502 _aThesis (M.Sc.) - Cairo University - Faculty of Engineering - Department of Systems and Biomedical Engineering
520 _aCoronary artery disease (CAD) constitutes a major health problem in many parts of the world and results from narrowing or blockage of the blood vessels. Cardiac catheterization is used for the assessment of the severity of stenosis by visual or quantitative estimation of the geometry. However, these currently standard methods are related to misestimating the presence and severity of lesions, and do not always correlate with either the clinical presentation or the physiological significance of a given coronary stenosis
530 _aIssued also as CD
653 4 _aCoronary lesions
653 4 _aFractional flow reserve
653 4 _aLesions giometric
700 0 _aAmr Abdelrahman Sharawi ,
_eSupervisor
700 0 _aMohamed Emad Mousa Rasmy ,
_eSupervisor
856 _uhttp://172.23.153.220/th.pdf
905 _aNazla
_eRevisor
905 _aSamia
_eCataloger
942 _2ddc
_cTH
999 _c47620
_d47620